000 00337nam a22001457a 4500
008 221122b ||||| |||| 00| 0 eng d
020 _a9781259293863
041 _aeng
080 _2second edition
_a579
082 _a579OBE
100 _a13.2
101 _aMICRO
245 _aMICROBIOLOGY FUNDAMENTALS
_cOBENAUF S
942 _2udc
_cBK
999 _c58995
_d58995